000 00572ccm a2200217 a 4500
001 5668511
005 20180315085203.0
008 940215s1994 wiuuua n mul
010 _a 93072779
_z 93072780
020 _a0697125491 (v. 1)
020 _a0697125505 (v. 2)
040 _aDLC
_cDLC
_dDLC
041 _aeng
080 _a78
100 _a45
101 _aMUZ
245 0 4 _aThe Development of Western music :
_cedited by K Marie Stolba.
906 _a7
_bcbc
_corignew
_d3
_encip
_f19
_gy-genmusic
942 _2ddc
_cBK
999 _c45147
_d45147